LEADER 04230nam 2200661 a 450 001 9911006530003321 005 20260204140255.0 010 $a0-89871-894-5 010 $a1-60119-013-1 024 7 $aCS02 035 $a(CKB)1000000000238255 035 $a(CaBNvSL)gtp00544274 035 $a(SSID)ssj0000071619 035 $a(PQKBManifestationID)12006749 035 $a(PQKBTitleCode)TC0000071619 035 $a(PQKBWorkID)10090847 035 $a(PQKB)11053110 035 $a(CaBNVSL)gtp00544274 035 $a(PPN)190764988 035 $a(SIAM)9780898718942 035 $a(EXLCZ)991000000000238255 071 50$aCS02$bSIAM 100 $a20101020d2006 fy 0 101 0 $aeng 135 $aurbn||||m|||a 181 $ctxt 182 $cc 183 $acr 200 10$aComputational methods for multiphase flows in porous media /$fZhangxin Chen, Guanren Huan, Yuanle Ma 210 $aPhiladelphia, Pa. $cSociety for Industrial and Applied Mathematics (SIAM, 3600 Market Street, Floor 6, Philadelphia, PA 19104)$d2006 215 $a1 electronic text (xxv, 531 p. : ill.) $cdigital file 225 1 $aComputational science & engineering ;$v2 300 $aBibliographic Level Mode of Issuance: Monograph 311 08$a0-89871-606-3 320 $aIncludes bibliographical references (p. 503-521) and index. 327 $aIntroduction -- Flow and transport equations -- Rock and fluid properties -- Numerical methods -- Solution of linear systems -- Single phase flow -- Two-phase flow -- The black oil model -- The compositional model -- Nonisothermal flow -- Chemical flooding -- Flows in fractured porous media -- Welling modeling -- Special topics -- Nomenclature -- Units. 330 3 $aComputational Methods for Multiphase Flows in Porous Media offers a fundamental and practical introduction to the use of computational methods, particularly finite element methods, in the simulation of fluid flows in porous media. It is the first book to cover a wide variety of flows, including single-phase, two-phase, black oil, volatile, compositional, nonisothermal, and chemical compositional flows in both ordinary porous and fractured porous media. In addition, a range of computational methods are used, and benchmark problems of nine comparative solution projects organized by the Society of Petroleum Engineers are presented for the first time in book form. The book reviews multiphase flow equations and computational methods to introduce basic terminologies and notation. A thorough discussion of practical aspects of the subjects is presented in a consistent manner, and the level of treatment is rigorous without being unnecessarily abstract. Audience: this book can be used as a textbook for graduate or advanced undergraduate students in geology, petroleum engineering, and applied mathematics; as a reference book for professionals in these fields, as well as scientists working in the area of petroleum reservoir simulation; as a handbook for employees in the oil industry who need a basic understanding of modeling and computational method concepts; and by researchers in hydrology, environmental remediation, and some areas of biological tissue modeling. Calculus, physics, and some acquaintance with partial differential equations and simple matrix algebra are necessary prerequisites. 410 0$aComputational science and engineering ;$v2. 606 $aMultiphase flow$xMathematical models 606 $aPorous materials$xMathematical models 606 $aPetroleum reserves$xMathematical models 606 $aFinite element method 615 0$aMultiphase flow$xMathematical models. 615 0$aPorous materials$xMathematical models. 615 0$aPetroleum reserves$xMathematical models. 615 0$aFinite element method. 676 $a553.2/8015118 700 $aChen$b Zhangxin$062771 701 $aHuan$b Guanren$01822673 701 $aMa$b Yuanle$01822674 712 02$aSociety for Industrial and Applied Mathematics. 801 0$bCaBNVSL 801 1$bCaBNVSL 801 2$bCaBNVSL 906 $aBOOK 912 $a9911006530003321 996 $aComputational methods for multiphase flows in porous media$94389004 997 $aUNINA